000 00312nam a22001457a 4500
020 _a81-8423-099-0
082 _a894.812
_bJOH/G
100 _aJOHN.T.C
245 _aGADHIKAPPATTUKARANTE KALYANAM
260 _aTHRISSUR
_bGREEN BOOKS
_c2007
300 _a75
520 _aNOVEL
650 _aNOVEL
942 _cBK
999 _c4911
_d4911